Lehninger: principles of biochemistry Ed 5 (Record no. 166457)
[ view plain ]
| 000 -LEADER | |
|---|---|
| fixed length control field | 00652nam a2200241Ia 4500 |
| 003 - CONTROL NUMBER IDENTIFIER | |
| control field | OSt |
| 005 - DATE AND TIME OF LATEST TRANSACTION | |
| control field | 20230516152110.0 |
| 008 - FIXED-LENGTH DATA ELEMENTS--GENERAL INFORMATION | |
| fixed length control field | 210423s2011 xx 000 0 und d |
| 020 ## - INTERNATIONAL STANDARD BOOK NUMBER | |
| International Standard Book Number | 978-0-2302-2699-9 |
| 040 ## - CATALOGING SOURCE | |
| Transcribing agency | AL |
| 041 ## - LANGUAGE CODE | |
| Language code of text/sound track or separate title | eng |
| 082 ## - DEWEY DECIMAL CLASSIFICATION NUMBER | |
| Classification number | 574.192 COXL |
| 100 ## - MAIN ENTRY--PERSONAL NAME | |
| Personal name | COX (Michael M);NELSON (David L) |
| 9 (RLIN) | 105887 |
| 245 ## - TITLE STATEMENT | |
| Title | Lehninger: principles of biochemistry Ed 5 |
| 250 ## - EDITION STATEMENT | |
| Edition statement | 5 |
| 260 ## - PUBLICATION, DISTRIBUTION, ETC. | |
| Place of publication, distribution, etc. | New York |
| Name of publisher, distributor, etc. | W H Freeman & Co |
| Date of publication, distribution, etc. | 2011 |
| 300 ## - PHYSICAL DESCRIPTION | |
| Extent | xxix,1-41p |
| Other physical details | HB |
| 365 ## - TRADE PRICE | |
| Price amount | 2394.2 |
| Currency code | GBP |
| 650 ## - SUBJECT ADDED ENTRY--TOPICAL TERM | |
| Topical term or geographic name entry element | Biochemistry |
| 9 (RLIN) | 105888 |
| 650 ## - SUBJECT ADDED ENTRY--TOPICAL TERM | |
| Topical term or geographic name entry element | Biology |
| 9 (RLIN) | 105889 |
| 906 ## - LOCAL DATA ELEMENT F, LDF (RLIN) | |
| a | biochemistry ; Ed ; Lehninger: ; principles |
| 942 ## - ADDED ENTRY ELEMENTS (KOHA) | |
| Source of classification or shelving scheme | Dewey Decimal Classification |
| Koha item type | Book |
| Withdrawn status | Lost status | Damaged status | Not for loan | Collection code | Home library | Current library | Date acquired | Source of acquisition | Cost, normal purchase price | Total Checkouts | Full call number | Barcode | Date last seen | Date last checked out | Price effective from | Koha item type |
|---|---|---|---|---|---|---|---|---|---|---|---|---|---|---|---|---|
| Analytical Chemistry | St Aloysius PG Library | St Aloysius PG Library | 02/24/2015 | Viva Books | 2394.20 | 7 | 574.192 COXL | PG012957 | 12/16/2022 | 11/26/2022 | 04/26/2021 | Book |